000
00264nam a2200109Ia 4500
008
200302s9999 xx 000 0 und d
100
_a
Fred Lawson
245
_a
Principles of Catering Design
260
_b
Architectural Press Ltd.
260
_c
1973
300
_a
148 P.,
999
_c
255
_d
255